Byzantine style, religion, and civilization : in honour of sir Steven Runciman (Record no. 247468)

MARC details
000 -LEADER
fixed length control field 00606nam a2200205Ia 4500
008 - FIXED-LENGTH DATA ELEMENTS--GENERAL INFORMATION
fixed length control field 191130s2005##################000#0#eng##
020 ## - INTERNATIONAL STANDARD BOOK NUMBER
ISBN 9780375760129
082 ## - DEWEY DECIMAL CLASSIFICATION NUMBER
Classification number 941.60824 ADA
100 ## - MAIN ENTRY--AUTHOR NAME
Personal name Adams, Gerry
245 ## - TITLE STATEMENT
Title Byzantine style, religion, and civilization : in honour of sir Steven Runciman
Statement of responsibility, etc Gerry Adams
260 ## - PUBLICATION, DISTRIBUTION, ETC. (IMPRINT)
Place of publication New York
Name of publisher Random House
Year of publication 2005
300 ## - PHYSICAL DESCRIPTION
Number of Pages xxxiii, 418 p. : ill. ; 21 cm.
650 ## - SUBJECT ADDED ENTRY--TOPICAL TERM
Topical Term Byzantine Empire
Topical Term Civilization
Topical Term Religion
991 ## -
-- 196040

No items available.

Find us on the map